000 00458nam a2200193Ia 4500
008 210210b1957 xxu||||| |||| 00| 0 eng d
041 _aeng
082 _a531/112
100 _aRAJAN (S R Govinda)
245 _aTextbook of general physics
260 _aMadras
_bNational publishing co,
_c1957
300 _a241
650 _aTextbook
650 _aphysics
650 _ageneral
690 _aPhysics
700 _aMURUGAIYAN (T)
906 _a008313
999 _c127196
_d127196